Things that are called "Big Five" - Statistics

General Stats
  • This quiz has been taken 35 times
  • The average score is 16 of 30
Answer Stats
Large African land mammals % Correct
Elephant
100%
France
90%
Germany
90%
Italy
90%
Rhinoceros
90%
Spain
87%
United Kingdom
87%
Lion
84%
Apple
77%
Best actor
68%
Best actress
65%
Best director
65%
Microsoft
65%
Alphabet
55%
Meta
55%
African buffalo
48%
Best screenplay
48%
Paramount Pictures
48%
Amazon
45%
Best picture
45%
Leopard
45%
Warner Bros. Pictures
45%
Universal Pictures
35%
Columbia Pictures
16%
Walt Disney Pictures
16%
Openness to experience
6%
Agreeableness
3%
Conscientiousness
3%
Extraversion
0%
Neuroticism
0%
No matching quizzes found
Score Distribution
Percent of People with Each Score
Percentile by Number Answered
Your Score History
You have not taken this quiz